000 00750cab a22002055a 4500
001 L155589
008 120329e20121111xxk f 000 0 eng d
035 _a(Sirsi) u155589
041 0 _aeng
100 1 _aRichardson, Sarah
245 0 0 _aOnce upon a time in the east
260 _c2012
490 _aBuilding
_v277 (8720) 23 March 2011, 36-40(5)
520 _aChina is the biggest construction market in the world and this article looks at China's need for construction, economic concern and construction, and opportunities for western firms. Illustrated with a map of construction in mainland China's key regions.
590 _aKA
651 4 _aChina
651 4 _aUnited Kingdom
_y
690 _aConstruction management
_96230
942 _n0
999 _c83883
_d83883